Statistics for Most expensive football transfers - Danish players

Click here to take the quiz!

General Stats

  • This quiz has been taken 22 times
  • The average score is 6 of 10

Answer Stats

Fee (M €)SeasonLeftJoinedPlayer% Correct
20,002022-2023Sturm GrazAtalanta BCRasmus Højlund
100%
73,902023-2024Atalanta BCManchester UnitedRasmus Højlund
100%
27,002019-2020TottenhamInterChristian Eriksen
84%
20,002018-2019Werder BremenBorussia DortmundThomas Delaney
68%
18,002019-2020CD LeganésBarcelonaMartin Braithwaite
63%
30,002023-2024Eintracht FrankfurtSSC NapoliJesper Lindstrøm
53%
20,502019-2020AjaxOGC NiceKasper Dolberg
53%
25,002018-2019Borussia MönchengladbachSouthamptonJannik Vestergaard
47%
24,002019-2020SampdoriaOlympique LyonJoachim Andersen
32%
18,002023-2024LecceSporting CPMorten Hjulmand
21%

Score Distribution

Percentile by Number Answered

Percent of People with Each Score

Your Score History

You have not taken this quiz